Capitales du Monde - Statistiques

Statistiques générales
  • Ce quiz a été pris 286 fois
  • Le résultat moyen est 118 sur 196
Statistiques - réponses
Pays Capitales % Correct
Algérie Alger
96%
Allemagne Berlin
96%
Chine Pékin
94%
Belgique Bruxelles
93%
Argentine Buenos Aires
93%
Australie Canberra
93%
Canada Ottawa
92%
France Paris
92%
Grèce Athènes
91%
Espagne Madrid
91%
Andorre Andorre-la-Vieille
90%
Brésil Brasilia
90%
États-Unis Washington
90%
Danemark Copenhague
89%
Corée du Sud Séoul
89%
Égypte Le Caire
88%
Italie Rome
88%
Japon Tokyo
88%
Autriche Vienne
88%
Irlande Dublin
87%
Portugal Lisbonne
87%
Luxembourg Luxembourg
87%
Mexique Mexico
87%
Monaco Monaco
87%
Colombie Bogotá
86%
Inde New Delhi
86%
Afrique du Sud Pretoria / Le Cap / Bloemfontein
86%
Finlande Helsinki
85%
Pays-Bas Amsterdam
84%
Royaume-Uni Londres
84%
Russie Moscou
84%
Croatie Zagreb
84%
Cuba La Havane
83%
Norvège Oslo
83%
Albanie Tirana
83%
Pologne Varsovie
83%
Afghanistan Kaboul
82%
Hongrie Budapest
81%
Israël Jérusalem
81%
Maroc Rabat
81%
Chili Santiago
81%
Bulgarie Sofia
80%
Indonésie Jakarta
78%
Pérou Lima
78%
Biélorussie Minsk
78%
Arabie Saoudite Riyad
78%
Suisse Berne
77%
Roumanie Bucarest
77%
Ukraine Kiev
77%
Islande Reykjavik
77%
Iran Téhéran
77%
Bolivie La Paz / Sucre
76%
Panama Panama
76%
Suède Stockholm
76%
Irak Bagdad
75%
Liban Beyrouth
75%
Malte La Valette
75%
République Tchèque Prague
75%
Bosnie-Herzégovine Sarajevo
75%
Philippines Manille
74%
Corée du Nord Pyongyang
74%
Estonie Tallinn
74%
Saint-Marin Saint-Marin
73%
Singapour Singapour
73%
Tunisie Tunis
73%
Qatar Doha
72%
Vatican Vatican
72%
Émirats Arabes Unis Abou Dabi
71%
Turquie Ankara
71%
Sénégal Dakar
71%
Nouvelle-Zélande Wellington
71%
Kenya Nairobi
70%
Djibouti Djibouti
69%
Chypre Nicosie
69%
Guatemala Guatemala
68%
Rép. Dém. Du Congo Kinshasa
68%
Équateur Quito
68%
Lettonie Riga
68%
Lituanie Vilnius
68%
Jamaïque Kingston
67%
Géorgie Tbilissi
67%
Koweït Koweït
66%
Liechtenstein Vaduz
66%
Rép du Congo Brazzaville
65%
Malaisie Kuala Lumpur
65%
Azerbaïdjan Bakou
63%
Mali Bamako
63%
Thaïlande Bangkok
63%
Serbie Belgrade
63%
Uruguay Montevideo
63%
Macédoine du Nord Skopje
63%
Libye Tripoli
63%
Côte d'Ivoire Yamoussoukro
63%
Guinée-Bissau Bissau
62%
Slovénie Ljubljana
62%
Mongolie Oulan-Bator
62%
Cambodge Phnom Penh
62%
Slovaquie Bratislava
61%
Moldavie Chișinău
61%
Bangladesh Dacca
61%
Arménie Erevan
61%
Haïti Port-au-Prince
61%
Costa Rica San José
61%
Cameroun Yaoundé
61%
Madagascar Antananarivo
60%
Paraguay Asunción
60%
Népal Katmandou
59%
Burkina Faso Ouagadougou
59%
Kazakhstan Astana
58%
Pakistan Islamabad
58%
Monténégro Podgorica
58%
Kosovo Pristina
58%
Taïwan Taipei
58%
Syrie Damas
57%
Viêt Nam Hanoï
57%
Salvador San Salvador
57%
Éthiopie Addis-Abeba
56%
Venezuela Caracas
56%
Ghana Accra
55%
Guyana Georgetown
55%
Gabon Libreville
54%
Guinée Conakry
52%
Jordanie Amman
51%
Nicaragua Managua
51%
Bahamas Nassau
51%
République Dominicaine Saint-Domingue
51%
Laos Vientiane
50%
Dominique Roseau
49%
Sri Lanka Sri Jayawardenapura Kotte / Colombo
49%
Belize Belmopan
48%
Angola Luanda
48%
Maldives Malé
48%
Maurice Port-Louis
48%
Sao Tomé-et-Principe Sao Tomé
48%
Sierra Leone Freetown
47%
Antigua-et-Barbuda Saint John's
47%
Honduras Tegucigalpa
47%
Brunei Bandar Seri Begawan
45%
Bahreïn Manama
45%
Nigeria Abuja
44%
Niger Niamey
44%
Cap-Vert Praia
44%
Comores Moroni
43%
Bénin Porto-Novo
43%
Kirghizistan Bichkek
42%
Oman Mascate
42%
Érythrée Asmara
41%
Soudan Khartoum
41%
Mauritanie Nouakchott
41%
Ouzbékistan Tachkent
41%
Bhoutan Thimphou
41%
Seychelles Victoria
41%
Botswana Gaborone
40%
Togo Lomé
40%
Barbade Bridgetown
39%
Sainte-Lucie Castries
39%
Ouganda Kampala
39%
Rwanda Kigali
39%
Yémen Sanaa
39%
Fidji Suva
39%
Saint-Christophe-et-Niévès Basseterre
38%
Saint-Vincent-et-les-Grenadines Kingstown
38%
Birmanie Naypyidaw
38%
Trinité-et-Tobago Port-d'Espagne
38%
Grenade Saint George's
38%
Mozambique Maputo
37%
Suriname Paramaribo
37%
Guinée Équatoriale Malabo
36%
Namibie Windhoek
36%
République Centrafricaine Bangui
35%
Gambie Banjul
35%
Timor Oriental Dili
35%
Tadjikistan Douchanbé
35%
Burundi Gitega
35%
Zimbabwe Harare
35%
Eswatini Mbabane
35%
Somalie Mogadiscio
34%
Tanzanie Dodoma
33%
Malawi Lilongwe
33%
Liberia Monrovia
33%
Lesotho Maseru
32%
États Fédérés de Micronésie Palikir
32%
Zambie Lusaka
31%
Îles Marshall Majuro
30%
Tchad Ndjamena
30%
Papouasie-Nouvelle-Guinée Port Moresby
30%
Turkménistan Achgabat
28%
Soudan du Sud Djouba
28%
Îles Salomon Honiara
28%
Samoa Apia
26%
Palaos Ngerulmud
26%
Vanuatu Port-Vila
26%
Nauru Yaren
26%
Tuvalu Funafuti
25%
Kiribati Tarawa-Sud
25%
Tonga Nukuʻalofa
22%
Aucun quiz correspondant
Distribution des résultats
% des personnes avec chaque résultat
Percentile par nombre de réponses
Votre historique - résultats
Vous n’avez pas pris ce quiz